000
00312nam a2200121Ia 4500
008
220204s9999 xx 000 0 und d
082
_a
001.29791
_b
SIL
100
_a
Silk, John
245
0
_a
Statistical concepts in geography
260
_a
London
_b
George Allen & Unwin
_c
1979
650
_a
Geography
942
_c
BK
999
_c
33269
_d
33269